|
|
|
|
| LEADER |
01365nam a2200349 a 4500 |
| 001 |
8373 |
| 003 |
BD-DhAAL |
| 005 |
20141208112042.0 |
| 008 |
141208s1988 ii a s 001 0 eng |
| 010 |
|
|
|a 88905212
|
| 020 |
|
|
|a 812070844X
|
| 040 |
|
|
|a DLC
|c DLC
|d DLC
|d BD-DhAAL
|
| 050 |
0 |
0 |
|a HB2306.5.A3
|b M85 1988
|
| 082 |
0 |
0 |
|a 307.2/16/0954
|2 20
|
| 100 |
1 |
|
|a Mukherjee, S. B.
|9 6701
|
| 245 |
1 |
0 |
|a Population growth and urbanization in South and South-East Asia /
|c S.B. Mukherjee.
|
| 260 |
|
|
|a New Delhi :
|b Sterling Publishers,
|c c1988.
|
| 300 |
|
|
|a 166 p. :
|b ill. ;
|c 23 cm.
|
| 500 |
|
|
|a Chiefly statistical tables.
|
| 500 |
|
|
|a Includes index.
|
| 541 |
|
|
|e 8373
|
| 650 |
|
0 |
|a Cities and towns
|z South Asia
|x Growth.
|9 6702
|
| 650 |
|
0 |
|a Cities and towns
|z Southeast Asia
|x Growth.
|9 6703
|
| 650 |
|
0 |
|a Cities and towns
|z South Asia
|x Growth
|v Statistics.
|9 6704
|
| 650 |
|
0 |
|a Cities and towns
|z Southeast Asia
|x Growth
|v Statistics.
|9 6705
|
| 651 |
|
0 |
|a South Asia
|x Population.
|9 6706
|
| 651 |
|
0 |
|a Southeast Asia
|x Population.
|9 6707
|
| 651 |
|
0 |
|a South Asia
|x Population
|v Statistics.
|9 6708
|
| 651 |
|
0 |
|a Southeast Asia
|x Population
|v Statistics.
|9 6709
|
| 942 |
|
|
|2 ddc
|c BK
|
| 999 |
|
|
|c 33265
|d 33265
|
| 952 |
|
|
|0 0
|1 0
|2 ddc
|4 0
|6 307_216095400000000_MUK
|7 0
|9 44417
|a BRACUL
|b BRACUL
|c GEN
|d 2014-12-08
|l 1
|m 1
|o 307.2160954 MUK
|p 3010008373
|r 2018-12-12
|s 2018-09-16
|t 1
|w 2014-12-08
|y BK
|